| 000 | 00517cam a2200181 4500500 | ||
|---|---|---|---|
| 005 | 20260405002725.0 | ||
| 041 | _afre | ||
| 042 | _adc | ||
| 245 | 0 | 0 | _aMicrofictions 2018 |
| 260 | _c2018. | ||
| 500 | _a2 | ||
| 690 | _aFamille | ||
| 690 | _aPhilippe Garnier | ||
| 690 | _aRégis Jauffret | ||
| 690 | _aroman | ||
| 786 | 0 | _nPhilosophie magazine | 118 | 4 | 2018-04-01 | p. 48-48 | 1951-1787 | |
| 856 | 4 | 1 | _uhttps://shs.cairn.info/magazine-philosophie-magazine-2018-4-page-48?lang=fr&redirect-ssocas=7080 |
| 999 |
_c2060458 _d2060458 |
||